000 00955cam a22001814a 4500
005 20250605164119.0
008 250528s ||||||||||||||||||||||||d
035 _a18214
040 _aGR-AtMCL
_bgre
_dGR-AtMCL
_eAACR2
245 1 _aΕισαγωγή στα Λειτουργικά Συστήματα / MS-DOS, UNIX, CP/M, VM, MVS, CTOS
260 _bΑθήνα,
_c1992
300 _a96
520 _aΠρόλογος, Εισαγωγή, Διαχείριση Κεντρικής Μονάδας Επεξεργασίας, Διαχείριση Κεντρικής Μνήμης, Προγραμματισμός Εισόδου-Εξόδου και Διαχείριση Περιφερειακών, Διαχείριση Πληροφοριών, Σύντομη Περιγραφή Κλασσικών Λειτουργικών Συστημάτων, Βιβλιογραφία.
700 1 _aΛιβαδάς Κ
_9853
942 _cBK
999 _c3591
_d3591